<?xml version="1.0" encoding="UTF-8"?>
<marc:record xmlns:marc="http://www.loc.gov/MARC21/slim">
   <marc:leader>00000nam a2200000 a 4500</marc:leader>
   <marc:datafield ind1=" " ind2=" " tag="653">
      <marc:subfield code="a">Ökologie</marc:subfield>
   </marc:datafield>
   <marc:datafield ind1=" " ind2=" " tag="653">
      <marc:subfield code="a">Landwirtschaft</marc:subfield>
   </marc:datafield>
   <marc:datafield ind1=" " ind2=" " tag="653">
      <marc:subfield code="a">Luft</marc:subfield>
   </marc:datafield>
   <marc:datafield ind1=" " ind2=" " tag="653">
      <marc:subfield code="a">Chemie</marc:subfield>
   </marc:datafield>
   <marc:datafield ind1=" " ind2=" " tag="653">
      <marc:subfield code="a">Wasser</marc:subfield>
   </marc:datafield>
   <marc:datafield ind1=" " ind2=" " tag="653">
      <marc:subfield code="a">Boden</marc:subfield>
   </marc:datafield>
   <marc:datafield ind1=" " ind2=" " tag="653">
      <marc:subfield code="a">Umweltpolitik</marc:subfield>
   </marc:datafield>
   <marc:datafield ind1=" " ind2=" " tag="653">
      <marc:subfield code="a">Österreich</marc:subfield>
   </marc:datafield>
   <marc:datafield ind1=" " ind2=" " tag="653">
      <marc:subfield code="a">Energie</marc:subfield>
   </marc:datafield>
   <marc:datafield ind1=" " ind2=" " tag="653">
      <marc:subfield code="a">Wald</marc:subfield>
   </marc:datafield>
   <marc:datafield ind1=" " ind2=" " tag="653">
      <marc:subfield code="a">Ökonomie</marc:subfield>
   </marc:datafield>
   <marc:datafield ind1=" " ind2=" " tag="653">
      <marc:subfield code="a">Abfallwirtschaft</marc:subfield>
   </marc:datafield>
   <marc:datafield ind1="0" ind2="0" tag="245">
      <marc:subfield code="a">Umwelt in Österreich</marc:subfield>
   </marc:datafield>
   <marc:datafield ind1="0" ind2="0" tag="245">
      <marc:subfield code="b">Daten und Trends 1991</marc:subfield>
   </marc:datafield>
   <marc:datafield ind1=" " ind2="1" tag="264">
      <marc:subfield code="a">Wien</marc:subfield>
      <marc:subfield code="b">Umweltbundesamt</marc:subfield>
      <marc:subfield code="c">1991</marc:subfield>
   </marc:datafield>
   <marc:datafield ind1="1" ind2=" " tag="520">
      <marc:subfield code="a">PZ 1/92*25 In trauter Einmütigkeit informieren die Leiter des Statist. Zentralamtes und des Umweltbundesamtes von dem Versuch, "in einem ausgewogenen Verhältnis zwischen Text, Schaubildern und Tabellen über den Zustand der Umwelt in Österreich zu berichten und einige Erklärungen anzubieten". Angesichts der Komplexität des Gegenstandes kann die gewählte Systematik als konstruktiver Ansatz bezeichnet werden: Von "Allgemeinen Daten" (Bevölkerung, Haushalte, Freizeit und Verkehr) ausgehend, werden folgende Bereiche sozialer und ökonomischer Aktivitäten thematisiert: Gesamtwirtschaftl. Zusammenhänge, Energie, Landwirtschaft, Chemikalien und Abfallwirtschaft. Daran schließt sich die Erörterung der Folgewirkungen auf die Umweltmedien Luft, Wasser, Boden, Wald, Natur und Landschaft an. Merklich knapp fällt der letzte Abschnitt über die Instrumente österr. Umweltpolitik aus, da sich das Autorenkollektiv politischer Stellungnahme weitgehend entzieht. Nicht überraschend daher, daß ein Beitrag über die erwarteten Folgen eines EG-Beitritts fehlen. Statt dessen finden sich moderate "kann"-Formulierungen, wie sie den sprachlichen Gewohnheiten des Österreichers am Herzen liegen. Die Chance, mit der einzigartigen Fülle zukunftsrelevanter Daten Handlungsbedarf zu objektivieren und konkrete Perspektiven einer ökologisch verantwortlichen Politik zu skizzieren, wurde verspielt.</marc:subfield>
   </marc:datafield>
   <marc:datafield ind1="0" ind2=" " tag="490">
      <marc:subfield code="v">0</marc:subfield>
   </marc:datafield>
   <marc:datafield ind1=" " ind2=" " tag="300">
      <marc:subfield code="a">235 S.</marc:subfield>
   </marc:datafield>
</marc:record>
